Google Maps Cities - Montenegro - Statistics

General Stats
  • This quiz has been taken 18 times
  • The average score is 8 of 10
Answer Stats
City % Correct
Podgorica
100%
Budva
88%
Kotor
88%
Bar
81%
Berane
75%
Bijelo Polje
75%
Herceg Novi
75%
Ulcinj
69%
Kolasin
63%
Zabljak
63%
No matching quizzes found
Score Distribution
Percent of People with Each Score
Percentile by Number Answered
Your Score History
You have not taken this quiz